000 02251nam0a2200445 4500
001 RU\NLR\BIBL_A\010352713
005 20260406090614.0
010 _a978-5-4396-0592-7
_93000
021 _aRU
_b2014-14511
_9932
035 _a(NLR Aleph) 010352713
035 _a(NILC)RuMoRGB-006753443
090 _a10752525
_c10752525
100 _a20140505d2014 |||y0rusy50 ca
101 0 _arus
102 _aRU
105 _ay|||7|||001yy
200 1 _aРоссийская правозащитная политика: теория и практика
_eмонография
_f[Акинина Н.Ю., к.ю.н., доц., Анисимов В.Ф., Афанасьев С.Ф., доктора юрид. наук, профессора]
_gпод ред. засл. деят. науки РФ, д.ю.н., проф. А.В. Малько
210 _aМосква
_cЮрлитинформ
_d2014
215 _a245, [1] с.
_d21
225 1 _aТеория и история государства и права
300 _aАвт. указаны на 3-й с.
320 _aБиблиогр. в подстроч. примеч.
606 1 _aПрава человека
_xЗащита
_xПравовое регулирование
_yРоссийская Федерация
_92349105
_3RU\NLR\AUTH\661403569
610 0 _aправозащитная политика
610 0 _aправа человека
610 0 _aправозащитные организации
610 0 _aинформационное обеспечение
675 _a341.231.14
686 1 _aХ620.32
701 1 _aАкинина
_bН. Ю.
_gНаталья Юрьевна
_4070
701 1 _4070
_7ca
_8rus
_aАнисимов
_bВ. Ф.
_cд-р юрид. наук
_f1951-
_gВалерий Филиппович
_3RU\NLR\AUTH\770281132
_92653099
701 1 _4070
_8rus
_7ca
_aАфанасьев
_bС. Ф.
_cд-р юрид. наук
_gСергей Федорович
_3RU\NLR\AUTH\7765572
_948501
801 0 _aRU
_bRuMoRKP
_c20140303
_gRCR
801 2 _aRU
_bРГБ
_c20140319
_grcr
801 1 _aRU
_bRuMoRKP
_c20140303
_2rusmarc
942 _cBOOK
980 _aNBR
980 _aNB